000 00392nam a2200145Ia 4500
008 230312s9999||||xx |||||||||||||| ||und||
020 _a9789695620922
082 _a891.4
_bKAM-T
100 _aکامران اعظم سو ہدروی
245 0 _aتزکرہ وزرائے اعظم پاکستان
260 _bFiction House
_apak
_c2012
300 _a288
650 _aLiterature
942 _cBK
999 _c15043
_d15043